000 00490nam a2200181Ia 4500
005 20250508153210.0
008 008 250505s9999 xx 000 0 hin d
037 _aTextual
040 _aFEDL
_beng
_cFEDL
041 _ahin
_2eng
084 _a659.111, RAJ
_qFEDL
100 _aRajesh
245 0 _aLok sampark : Siddhant aur sadhan
260 _aChandigarh, India
_bPublication Bureau
300 _a163p.
942 _cTEXL
_h659.111, RAJ
999 _c1341187
_d1341187